Представление документа в формате RUSMARC

ПолеНазваниеЗначение
  Тип записи a
  Библиографический уровень m
001 Контрольный номер RU/ГПНТБ России/KNIGADB/К63.3(2Рос-6Хан)/Б 59-232644458
005 Дата корректировки 20251003164054.9
010 Индекс ISBN __
b Уточнения В пер.
100 Данные общей обработки __
a Данные общей обработки 20231101d2021 ma y0rusy028902 ca
101 Язык документа 0_
a Язык текста rus
102 Страна публикации __
a Страна публикации RU
105 Кодированные данные (монография) __
a Кодированные данные (монография) a z 000yy
181 Поле кодированных данных: вид содержания _0
a Код вида содержания (ISBD) i
182 Поле кодированных данных: тип средства _0
a Код типа средства (ISBD) n
200 Заглавие и сведения об ответственности 0_
a Заглавие Библиотечка журнала "Югра"
f Первые сведения об ответственности Департамент культуры Ханты-Мансийского автономного округа - Югры, Бюджетное учреждение Ханты-Мансийского автономного округа - Югры "Государственная библиотека Югры"
e Сведения, относящиеся к заглавию в 2 томах
g Последующие сведения об ответственности составители: Е. В. Танкова, М. С. Федорова
203 Вид содержания и тип средства __
a Вид содержания Текст
c Тип средства непосредственный
210 Выходные данные 1_
d Дата издания 2021
a Место издания Томск
c Издательство Завгородний
215 Физическое описание __
d Формат 24 см
330 Аннотация __
a Аннотация С 1993 года под редакцией В. К. Белобородова – основателя и главного редактора журнала «Югра», вышло 11 выпусков книжной серии «Библиотечка журнала «Югра». В нее вошли, уже ставшие редкостью, книги о Югре. Например, «У вогулов» К. Д. Носилова. Впервые она была опубликована в 1904 году. Также в серии издавались неопубликованные ранее, но очень интересные материалы о крае. К примеру, книга «У родного Чугаса» И. Н. Каскина – ветерана Великой Отечественной войны, учителя, всю жизнь прожившего в с. Цингалы Ханты-Мансийского района. Эта автобиографическая повесть, написана по детским впечатлениям о жизни северной деревни в начале XX века. Кстати, автор адресовал ее своим прямым потомкам – детям и внукам! Но и нам его история не менее интересна! С тех пор, как были изданы книги серии, прошло около двадцати лет. По инициативе Государственной библиотеки Югры и при поддержке депутата Думы Ханты-Мансийского автономного округа – Югры – Василия Филипенко, серия книг переиздана, и попадет в руки своих читателей!
606 Тематические рубрики __
2 Код системы nlr_sh
a Основная рубрика История
606 Тематические рубрики __
2 Код системы nlr_sh
a Основная рубрика История России в целом
y Географическая подрубрика Ханты-Мансийский автономный округ - Югра
y Географическая подрубрика ХМАО-Югра
610 Ключевые слова 1_
a Ключевые слова краеведение
610 Ключевые слова 1_
a Ключевые слова сельское хозяйство
610 Ключевые слова 1_
a Ключевые слова коренные народы
610 Ключевые слова 1_
a Ключевые слова воспоминания
610 Ключевые слова 1_
a Ключевые слова путевые заметки
610 Ключевые слова 0_
a Ключевые слова история края
686 Индексы других классификаций __
2 Код системы rubbks
a Классификационный индекс К63.3(2Рос-6Хан)
702 Вторичная интеллектуальная ответственность _1
a Фамилия Танкова
b Имя Е. В.
g Полное личное имя Екатерина Викторовна
4 Код отношения 220
702 Вторичная интеллектуальная ответственность _1
a Фамилия Федорова
b Имя М. С.
g Полное личное имя Мария Сергеевна
4 Код отношения 220
712 Наименование организации (Вторичная ответственность) 01
a Организация/ юрисдикция Ханты-Мансийский автономный округ - Югра
b Другие уровни Департамент культуры
712 Наименование организации (Вторичная ответственность) 02
a Организация/ юрисдикция Государственная библиотека Югры
c Место постоянной организации Ханты-Мансийск
801 Источник записи _0
b Организация ГПНТБ России
a Страна RU
c Дата составления 20231101
g Правила каталогизации PSBO
801 Источник записи _1
b Организация ГПНТБ России
a Страна RU
c Дата составления 20231101
g Правила каталогизации PSBO
852 Данные о местонахождении 5_
j Шифр хранения К63.3(2Рос-6Хан)
i Авторский знак Б 59
901 Тип документа __
a Ответственный КиК/Котельникова
t Тип документа v
903 Характеристики (МАРС) __
a Дата передачи 20231101
c Наименование библиотеки (МАРС) Муниципальное бюджетное учреждение культуры "Централизованная библиотечная система" г. Сургут (Центральная городская библиотека им. А. С. Пушкина)